| 000 | 00725nam a2200205 4500 | ||
|---|---|---|---|
| 008 | 210119b ||||| |||| 00| 0 eng d | ||
| 040 |
_bger _cDE-2950 _erda _aDE-2950 |
||
| 041 | _ager | ||
| 100 | _aKleinert, Paul Alfred: | ||
| 245 |
_aEin "österreichischer Schriftsteller" im Brandenburgischen - Franz Fühmann in Märkisch Buchholz / _cPaul Alfred Kleinert |
||
| 264 | _c2022 | ||
| 300 | _a32 S. | ||
| 490 |
_aFrankfurter Buntbücher ; _v70 |
||
| 600 | _a Fühmann, Franz; Schriftsteller, Drehbuchautor, Schriftsteller, 1922-1984 | ||
| 773 |
_dFrankfurt (Oder): Kleist-Museum, 2021 _tFrankfurter Buntbücher _gBd. 70, S. 4-30 |
||
| 942 | _cA | ||
| 999 |
_c371330 _d371330 |
||